| 000 | 01308nam a2200409 i 4500 | ||
|---|---|---|---|
| 001 | 1516 | ||
| 003 | KOSZ 005 | ||
| 005 | 20200811113127.0 | ||
| 008 | 991116s1980 pl a |000 0 pol d | ||
| 040 |
_aKOSZ 005 _cKOSZ 005 _dKOSZ 005/HR |
||
| 041 | 0 | _apol | |
| 046 | _k1980 | ||
| 080 | _a628.8 | ||
| 080 | _a697 | ||
| 245 | 0 | 0 |
_aOgrzewanie i wentylacja / _c[red. nauk. Marian Rubik]. |
| 260 |
_aWarszawa : _b"Arkady", _c1980. |
||
| 300 |
_a306, [1] s. : _bil. tab. wykr. ; _c24 cm. |
||
| 336 |
_2rdacontent _aTekst _btxt |
||
| 337 |
_2rdamedia _aBez urządzenia pośredniczącego _bn |
||
| 338 |
_2rdacarrier _aWolumin _bnc |
||
| 380 | _aKsiążki | ||
| 380 | _aPublikacje naukowe | ||
| 388 | _a1901-2000 | ||
| 388 | _a1945-1989 | ||
| 490 | 1 |
_aNowa Technika w Inżynierii Sanitarnej ; _v12 |
|
| 504 | _aBibliogr. przy pracach. | ||
| 658 | _aInżynieria i technika | ||
| 650 | 4 | _aUrządzenia | |
| 650 | 4 | _aOgrzewanie | |
| 650 | 4 | _aWymiennik ciepła | |
| 650 | 4 | _aCiepło | |
| 710 | 2 |
_aWydawnictwo "Arkady". _4pbl. |
|
| 700 | 1 |
_aRubik, Marian _eRedakcja |
|
| 830 | 0 |
_aNowa Technika w Inżynierii Sanitarnej ; _v12. |
|
| 856 |
_uhttp://koha.tu.koszalin.pl/cgi-bin/koha/opac-detail.pl?biblionumber=1516 _yKatalog online BPK |
||
| 942 |
_2UKD _cKS |
||
| 999 |
_c1516 _d1516 |
||